| 000 | 00993nam a2200265 i 4500 | ||
|---|---|---|---|
| 001 | 13054 | ||
| 003 | KOSZ 005 | ||
| 005 | 20210521151428.0 | ||
| 008 | 070608s1970 pl a g 000 0 pol | ||
| 015 | _aPB 1970/10850 | ||
| 040 |
_aWA N _cKOSZ 005/ID _dKOSZ 005/ID |
||
| 080 | _a64.021(-202)+63 | ||
| 245 | 0 | 0 |
_aPoradnik gospodyni / _c[aut. Czesław Czapów et al. ; przewodn. kom. red. Helena Dąbska]. |
| 260 |
_aWarszawa : _bPaństwowe Wydawnictwo Rolnicze i Leśne, _c1970. |
||
| 300 |
_a505, [3] s. : _bil. ; _c25 cm. |
||
| 380 | _aKsiążki. | ||
| 655 | 4 | _aPoradniki | |
| 650 | 4 | _aGospodarstwo domowe | |
| 650 | 4 | _aIndywidualne gospodarstwo rolne | |
| 700 | 1 |
_aCzapów, Czesław _d(1925-1980) _eAutor |
|
| 710 | 2 |
_aPaństwowe Wydawnictwo Rolnicze i Leśne _4pbl. |
|
| 700 | 1 |
_aDąbska, Helena _eRedakcja |
|
| 856 |
_uhttp://koha.tu.koszalin.pl/cgi-bin/koha/opac-detail.pl?biblionumber=13054 _yKatakog online BPK |
||
| 942 |
_2UKD _cKS |
||
| 999 |
_c13054 _d13054 |
||